| 000 | 00781nam a2200265 i 4500 | ||
|---|---|---|---|
| 001 | 394460 | ||
| 003 | ARRUPE | ||
| 005 | 20150122162611.0 | ||
| 008 | 800721s1980 nyu b 000 0 eng | ||
| 010 | _a 79091408 | ||
| 020 |
_a080912288X (pbk.) : _c$7.95 |
||
| 040 |
_aDLC _cDLC _dDLC |
||
| 043 | _an-us-dc | ||
| 050 | 0 | 0 |
_aBV5053 _b.E38 |
| 082 | 0 | 0 |
_a248.4 _219 |
| 100 | 1 |
_aEdwards, Tilden. _914468 |
|
| 245 | 1 | 0 |
_aSpiritual friend _cTilden H. Edwards. |
| 260 |
_aNew York : _bPaulist Press, _cc1980. |
||
| 300 |
_aviii, 264 p. ; _c23 cm. |
||
| 504 | _aBibliography: p. 261-264. | ||
| 610 | 2 | 0 |
_aShalem Institute for Spiritual Formation. _914469 |
| 650 | 0 |
_aSpiritual direction. _914470 |
|
| 906 |
_a7 _bcbc _corignew _d2 _eopcn _f19 _gy-gencatlg |
||
| 942 |
_2lcc _cMONOGRAPH |
||
| 999 |
_c121846 _d121846 |
||